| 000 | 00518nam a2200181 4500 | ||
|---|---|---|---|
| 001 | 12604 | ||
| 005 | 20230410115541.0 | ||
| 008 | 060907n2003 dr spa | ||
| 020 | _a2846243115O \ | ||
| 035 | _9funglode12704 | ||
| 041 | _aFR | ||
| 050 | 1 | 4 | _aHE 248 W867m 2003 |
| 100 | _aWolski-Quéré, Murielle | ||
| 245 | 1 |
_aLes métiers du tourisme et des loisirs / _cWolski-Quéré, Murielle |
|
| 260 |
_aParis : _b I³Etudiant, _c2003 |
||
| 440 |
_aLes Guides de I³Etudiant ; _v504 |
||
| 942 |
_2lcc _cbk |
||
| 999 |
_c43401 _d43401 |
||